Antología de naturalistes catalans (Record no. 62085)

MARC details
000 -LEADER
campo de control de longitud fija 00513nam a2200157 i 4500
001 - NÚMERO DE CONTROL
campo de control 62085
003 - IDENTIFICADOR DE NÚMERO DE CONTROL
campo de control ES-MaACL
005 - FECHA Y HORA DE LA ÚLTIMA TRANSACCIÓN
campo de control 20251105063132.0
007 - CAMPO FIJO DE DESCRIPCIÓN FÍSICA--INFORMACIÓN GENERAL
campo de control de longitud fija t|
008 - DATOS DE LONGITUD FIJA--INFORMACIÓN GENERAL
campo de control de longitud fija 031117s1918 sp ||||1| cat d
100 1# - ENTRADA PRINCIPAL--NOMBRE DE PERSONA
Nombre de persona Faura i Sans, M.,
Fechas asociadas al nombre 1883-1941
9 (RLIN) 48954
245 10 - MENCIÓN DEL TÍTULO
Título Antología de naturalistes catalans
Resto del título : M.I. Sr. D. Jaume Almera y Comas /
Mención de responsabilidad, etc. Mariano Faura y Sans.
260 ## - PUBLICACIÓN, DISTRIBUCIÓN, ETC.
Lugar de publicación, distribución, etc. Barcelona :
Nombre del editor, distribuidor, etc. [s.n.,
Fecha de publicación, distribución, etc. 1918] (
Fabricante Francisco X. Altés y Alabart)
852 ## - LOCALIZACIÓN
Ubicación ES-MaACL
Número de control de estantería 1622-F-10
Holdings
Estatus retirado Estado de pérdida Estado de daño No para préstamo Colección Biblioteca de origen Biblioteca actual Ubicación en estantería Fecha de adquisición Fuente de adquisición Total de préstamos Signatura topográfica completa Código de barras Visto por última vez Precio de reemplazo Tipo de ítem Koha
        Colección de folletos Biblioteca del Ateneo de Madrid Biblioteca del Ateneo de Madrid Depósito folletos 17/01/2008     1622-F-10 1065091 23/02/2023 23/02/2023 Folleto